Political parties of Finland - Statistics

General Stats
  • This quiz has been taken 48 times
    44 since last reset
  • The average score is 8 of 9
Answer Stats
Picture Answer % Correct
Social Democratic Party
97%
Christian Democrats
94%
The Finns Party
94%
Centre Party
89%
Left Alliance
89%
National Coalition Party
89%
Green League
86%
Movement Now
81%
Swedish People's Party
64%
No matching quizzes found
Score Distribution
Percent of People with Each Score
Percentile by Number Answered
Your Score History
You have not taken this quiz since the last reset